Chemical Engineering Thermodynamics. An Introduction to Thermodynamics for Undergraduate Engineering Students + Disketa /

Gespeichert in:
Bibliographische Detailangaben
1. Verfasser: Winnick, Jack (Verfasst von)
Format: Buch
Sprache:Englisch
Veröffentlicht: New York : John Wiley & Sons, 1997
Tags: Tag hinzufügen
Keine Tags, Fügen Sie das erste Tag hinzu!

MARC

LEADER 00000nam a22000003a 4500
001 stu16319
005 20190206124526.8
008 970804s1997----xxu-----------------eng-d
020 |a 0-471-05590-5 
040 |a STU  |b slo 
041 0 |a eng 
044 |a xxu 
080 |a 66.012.34 
100 1 |a Winnick, Jack  |4 aut 
245 1 |a Chemical Engineering Thermodynamics. An Introduction to Thermodynamics for Undergraduate Engineering Students + Disketa /  |c [aut.]Winnick,Jack 
260 |a New York :  |b John Wiley & Sons,  |c 1997 
300 |a 702 s :  |b Obr.,tab.,grafy,lit.index 
996 |b C94931  |c C*94931  |l CCV  |s P  |a 0  |w stu16319_0001